000 00680cam a22002411 4500
001 7020960
005 20180308032944.0
008 821021s1960 mdu b 001 0 eng
010 _a 60011204
015 _aGB60-19522
035 _a(OCoLC)8880060
040 _aDLC
_cICarbS
_dICarbS
_dOCoLC
_dOrPS
_dODa
_dUk
_dNSyU
_dDLC
041 _aeng
042 _apremarc
080 _a342.733 DIE
082 _a342.733 DIE
100 1 _a20
101 _aPOL
245 1 4 _aThe Federalist,
504 _aBibliographical footnotes. Bibliography: p. 355-358.
906 _a7
_bcbc
_coclcrpl
_du
_encip
_f19
_gy-gencatlg
942 _2ddc
_cBK
999 _c44367
_d44367